000 00660nam a2200253 a 4500
001 nice12345678
003 IN_TiNIC
005 20260116012815.0
008 050524s1975 dela grp 000 0 eng
020 _a
_c30
082 0 0 _a915.092
_bANS
100 _aAnsari, Mohammad Azhar
245 _aEuropean Travellers Under the Mughals
260 _aDelhi
_bIdarah-I Adabiyat-I Delli
_c1975
300 _a152p
500 _aincludes index and biblioraphy
505 2 _aIndex
650 _aIndia-Biography Travellers
650 _aIndia-Description and Travel
700 1 _aAnsari, Mohammad Azhar
902 _bSRS
942 _cBK
999 _c8455
_d8455